[Event "Russian Championship Superfinal"]
[Site "Moscow RUS"]
[Date "2010.12.19"]
[EventDate "2010.12.11"]
[Round "8"]
[Result "0-1"]
[White "Igor Kurnosov"]
[Black "Sergey Karjakin"]
[WhiteElo "2676"]
[BlackElo "2760"]
[PlyCount "126"]

1. e4 e5 2. Nf3 Nc6 3. Bb5 Nf6 4. O-O Nxe4 5. d4 Nd6 6. Bxc6
dxc6 7. dxe5 Nf5 8. Qxd8+ Kxd8 9. Nc3 Ke8 10. h3 h5 11. Ne2 b6
12. Rd1 Ba6 13. Ned4 Nxd4 14. Nxd4 c5 15. Nf5 Be2 16. Rd2 Bc4
17. Ne3 Be6 18. Nd5 Rc8 19. b3 c6 20. Ne3 Rd8 21. Rxd8+ Kxd8
22. Bb2 g6 23. Rd1+ Kc7 24. f3 Bh6 25. Kf2 a5 26. a4 b5
27. axb5 cxb5 28. Nd5+ Kc6 29. Nc3 Bf8 30. Rd8 c4 31. Ke2 b4
32. Ne4 cxb3 33. cxb3 Bg7 34. Rd6+ Kb5 35. Rd3 Bh6 36. Kd1 Ra8
37. Kc2 Rc8+ 38. Kb1 Rc7 39. g4 Bf4 40. Nd6+ Ka6 41. Ne8 Rd7
42. Rxd7 Bxd7 43. Nf6 Be6 44. gxh5 Bxb3 45. Bc1 Bxc1 46. Kxc1
gxh5 47. f4 a4 48. f5 a3 49. Nd7 Bd5 50. e6 fxe6 51. f6 e5
52. Nxe5 b3 53. f7 b2+ 54. Kc2 Be4+ 55. Kd2 b1=Q 56. f8=Q Qc2+
57. Ke3 a2 58. Qd6+ Kb5 59. Qb8+ Kc5 60. Nd7+ Kc6 61. Ne5+ Kd5
62. Nf7 Qc3+ 63. Kf4 Qf6+ 0-1

[Event "Moscow TCh-Student Final"]
[Site "Moscow RUS"]
[Date "2010.11.28"]
[EventDate "2010.11.28"]
[Round "1"]
[Result "1-0"]
[White "Sergey Karjakin"]
[Black "Boris Savchenko"]
[WhiteElo "2760"]
[BlackElo "2632"]
[PlyCount "113"]

1. e4 c5 2. Nf3 Nc6 3. d4 cxd4 4. Nxd4 g6 5. Nc3 Bg7 6. Be3
Nf6 7. Bc4 O-O 8. Bb3 d6 9. f3 Bd7 10. Qd2 Na5 11. Bh6 Bxh6
12. Qxh6 e5 13. Nde2 b5 14. Nd5 Rc8 15. Ne3 Be6 16. h4 Nxb3
17. axb3 d5 18. exd5 Nxd5 19. h5 Qe7 20. Nxd5 Bxd5 21. Nc3 Bc6
22. O-O-O Rfd8 23. hxg6 fxg6 24. Qe3 b4 25. Ne4 a5 26. Kb1 a4
27. Rxd8+ Qxd8 28. bxa4 Bxa4 29. b3 Bb5 30. f4 Qe7 31. Ng5 Qc5
32. Qxc5 Rxc5 33. Ne4 Rc8 34. fxe5 Kg7 35. Ng5 h5 36. Rh4 Re8
37. Rxb4 Rxe5 38. Nf3 Rf5 39. Nd4 Rf1+ 40. Kb2 Ba6 41. Rb6 Bc8
42. Rc6 Rf8 43. b4 Kh6 44. g3 Bb7 45. Rd6 Rg8 46. Ne6 Bc8
47. b5 Re8 48. Nf4 Bf5 49. b6 Kg5 50. Nd5 Rc8 51. Ne3 Be4
52. c4 h4 53. Rd4 Bh1 54. gxh4+ Kf6 55. Kc3 Rc6 56. b7 Rb6
57. Rd6+ 1-0

[Event "SportAccord Mind Games (Blitz)"]
[Site "Beijing CHN"]
[Date "2011.12.13"]
[EventDate "2011.12.12"]
[Round "14"]
[Result "1-0"]
[White "Sergey Karjakin"]
[Black "Peter Heine Nielsen"]
[WhiteElo "2763"]
[BlackElo "2693"]
[PlyCount "50"]

1. e4 c5 2. Nc3 d6 3. f4 g6 4. Nf3 Bg7 5. Bb5+ Bd7 6. Bc4 Nc6
7. O-O Nf6 8. e5 Nh5 9. Ng5 e6 10. d4 O-O 11. d5 Na5 12. Be2
exd5 13. Nxd5 dxe5 14. Bxh5 Bc6 15. Bf3 h6 16. Nh3 e4 17. Bxe4
Re8 18. Bf3 Bd4+ 19. Kh1 Bxd5 20. Bxd5 Qxd5 21. c3 Re7
22. cxd4 Rae8 23. f5 g5 24. Qg4 Re4 25. Qg3 f6 1-0

[Event "SportAccord World Mind Games (Men's Rapid)"]
[Site "Beijing CHN"]
[Date "2012.12.15"]
[EventDate "2012.12.6"]
[Round "5.4"]
[Result "1-0"]
[White "Sergey Karjakin"]
[Black "Levon Aronian"]
[WhiteElo "2775"]
[BlackElo "2815"]
[PlyCount "121"]

1. e4 e5 2. Nf3 Nc6 3. Bb5 a6 4. Ba4 Nf6 5. O-O Be7 6. d3 b5
7. Bb3 d6 8. a4 Bd7 9. c3 O-O 10. Bc2 Re8 11. Re1 b4 12. Nbd2
Rb8 13. Nf1 Bf8 14. Bg5 h6 15. Bh4 Be7 16. h3 Nh7 17. Bg3 Ng5
18. N1d2 Bf6 19. a5 bxc3 20. bxc3 Na7 21. Bb3 Nb5 22. Qc2 Ne6
23. Nf1 Ng5 24. N1d2 Qc8 25. Ba4 Rd8 26. Nxg5 Bxg5 27. Nf3 Bf6
28. Bh4 g5 29. Bg3 Bg7 30. Nd2 Be6 31. f3 Qb7 32. Bf2 Qa8
33. Nf1 Na7 34. h4 Nc6 35. hxg5 hxg5 36. Qd2 f6 37. d4 Nxa5
38. d5 Bf7 39. Ne3 Nb3 40. Bxb3 Rxb3 41. Nf5 Rdb8 42. Ne7+ Kf8
43. Nc6 Rb2 44. Qc1 R8b5 45. Nb4 Rxf2 46. Kxf2 a5 47. Qe3 f5
48. Qxg5 Qa7+ 49. Kg3 f4+ 50. Kh2 Be8 51. Nc6 Bxc6 52. dxc6
Qb6 53. Qf5+ Kg8 54. Qe6+ Kf8 55. c4 Rb2 56. c5 Qxc5 57. Reb1
Rb4 58. Rxb4 Qxb4 59. Qc8+ Kf7 60. Qxc7+ Kg6 61. Qd7 1-0

[Event "Aeroflot Rapid Finals"]
[Site "Moscow RUS"]
[Date "2013.02.16"]
[EventDate "2013.02.16"]
[Round "1.2"]
[Result "1-0"]
[White "Sergey Karjakin"]
[Black "Dmitry Frolyanov"]
[WhiteElo "2786"]
[BlackElo "2563"]
[PlyCount "69"]

1. e4 e5 2. Nf3 Nf6 3. Nxe5 d6 4. Nf3 Nxe4 5. Nc3 Nxc3 6. dxc3
Be7 7. Be3 O-O 8. Qd2 Nd7 9. O-O-O Ne5 10. Kb1 c6 11. Nxe5
dxe5 12. Bd3 Qa5 13. Qe2 Be6 14. c4 Rad8 15. Bd2 Qc7 16. Bc3
Bd6 17. g4 b5 18. h4 b4 19. Bd2 Bc5 20. Rde1 Bd4 21. h5 a5
22. f4 f5 23. fxe5 fxg4 24. Rhf1 Rxf1 25. Rxf1 Kh8 26. Qe4 Bg8
27. Bg5 g3 28. h6 g2 29. Qxg2 Bxe5 30. Bxd8 Qxd8 31. Qe4 Bf6
32. hxg7+ Bxg7 33. Rh1 h6 34. Rxh6+ Bxh6 35. Qe5+ 1-0

[Event "FIDE Grand Prix Beijing"]
[Site "Beijing CHN"]
[Date "2013.07.04"]
[EventDate "2013.07.04"]
[Round "1.1"]
[Result "0-1"]
[White "Anish Giri"]
[Black "Sergey Karjakin"]
[WhiteElo "2734"]
[BlackElo "2776"]
[PlyCount "84"]

1. e4 e5 2. Nf3 Nc6 3. Bb5 Nf6 4. O-O Nxe4 5. d4 Nd6 6. Bxc6
dxc6 7. dxe5 Nf5 8. Qxd8+ Kxd8 9. h3 Ke8 10. Nc3 h5 11. Bf4
Be7 12. Rad1 Be6 13. Ng5 Rh6 14. Rfe1 Bb4 15. g4 hxg4 16. hxg4
Ne7 17. f3 Bxc3 18. bxc3 Bxa2 19. Ne4 Rh8 20. e6 Bxe6 21. Bxc7
b5 22. Be5 Rg8 23. Nc5 Nd5 24. f4 Bxg4 25. c4 f6 26. Rb1 Nb6
27. Bxf6+ Kf7 28. Bg5 Nxc4 29. Re7+ Kg6 30. Rbe1 Bf5 31. Kf2
Rad8 32. Nd3 a5 33. Rg1 Rd7 34. Bh4+ Kh7 35. Rxd7 Bxd7 36. Ne5
Nxe5 37. fxe5 Re8 38. Re1 a4 39. Kf3 a3 40. Bf2 Rf8+ 41. Kg3
Be6 42. Bc5 Ra8 0-1

[Event "European Club Cup"]
[Site "Rhodes GRE"]
[Date "2013.10.20"]
[EventDate "2013.10.20"]
[Round "1.1"]
[Result "0-1"]
[White "Simon Kim Williams"]
[Black "Sergey Karjakin"]
[WhiteElo "2463"]
[BlackElo "2762"]
[PlyCount "62"]

1. d4 d5 2. c4 c6 3. Nc3 Nf6 4. Nf3 a6 5. Qc2 dxc4 6. e4 b5
7. Be2 e6 8. Rg1 Bb7 9. g4 c5 10. g5 cxd4 11. gxf6 gxf6
12. Nxd4 Qxd4 13. Be3 Qd6 14. e5 Qxe5 15. O-O-O Nd7 16. Rxd7
Kxd7 17. Rd1+ Ke8 18. Qd2 Qc7 19. Bb6 Qe7 20. Qe3 f5 21. Bh5
Rg8 22. f4 Rc8 23. Ba5 Bh6 24. a3 Be4 25. Nxe4 fxe4 26. Qxe4
c3 27. Qd4 cxb2+ 28. Kd2 Qd7 29. Qxd7+ Kxd7 30. Ke3+ Ke8
31. Bf3 Rc1 0-1

[Event "SportAccord World Mind Games (Men)"]
[Site "Beijing CHN"]
[Date "2013.12.12"]
[EventDate "2013.12.12"]
[Round "2.3"]
[Result "1-0"]
[White "Sergey Karjakin"]
[Black "Gata Kamsky"]
[WhiteElo "2756"]
[BlackElo "2721"]
[PlyCount "93"]

1. e4 c5 2. Nf3 b6 3. d4 cxd4 4. Nxd4 Bb7 5. Nc3 Nc6 6. Bf4 g6
7. Ndb5 Rc8 8. Nd5 d6 9. Qd2 Bg7 10. O-O-O a6 11. Nxe7 axb5
12. Nxc8 Qxc8 13. Bxb5 Ne7 14. Bxd6 O-O 15. Bxc6 Nxc6 16. Bxf8
Qxf8 17. Qd6 Qa8 18. Kb1 b5 19. f4 Bc8 20. Qa3 Qb7 21. Rd5 h5
22. Rhd1 Bg4 23. R1d2 b4 24. Qe3 Qa6 25. R2d3 Be6 26. Qc5 Kh7
27. b3 Bxd5 28. exd5 Qa3 29. c3 Qa6 30. Qc4 Qb6 31. dxc6 Qg1+
32. Kc2 bxc3 33. Rxc3 Qxg2+ 34. Kb1 Qg1+ 35. Rc1 Qf2 36. Rc2
Qe1+ 37. Rc1 Qd2 38. Qc2 Qd4 39. Qe2 Qa1+ 40. Kc2 Qxa2+
41. Kd1 Qxb3+ 42. Rc2 Qb1+ 43. Kd2 Bh6 44. Qc4 Qb8 45. c7 Qc8
46. Qxf7+ Bg7 47. Rc6 1-0

[Event "FIDE Grand Prix Tashkent"]
[Site "Tashkent UZB"]
[Date "2014.10.23"]
[EventDate "2014.10.20"]
[Round "3"]
[Result "1-0"]
[White "Sergey Karjakin"]
[Black "Dmitry Jakovenko"]
[WhiteElo "2767"]
[BlackElo "2747"]
[PlyCount "69"]

1. Nf3 Nf6 2. g3 d5 3. Bg2 c5 4. O-O g6 5. d4 cxd4 6. Nxd4 Bg7
7. Nb3 O-O 8. Nc3 e6 9. e4 dxe4 10. Nxe4 Nxe4 11. Qxd8 Rxd8
12. Bxe4 Nc6 13. c3 e5 14. Be3 f5 15. Bg2 Bf8 16. Rfe1 Be6
17. Bg5 Re8 18. Bxc6 bxc6 19. Rxe5 Bd5 20. Bf4 Bg7 21. Rxe8+
Rxe8 22. Nd2 a5 23. c4 Bf7 24. Rb1 a4 25. b3 axb3 26. axb3 h6
27. h4 Re7 28. b4 Bc3 29. b5 cxb5 30. cxb5 Rb7 31. b6 Ba2
32. Rb5 h5 33. Nf3 Kf7 34. Be5 Bxe5 35. Nxe5+ 1-0

[Event "FIDE Grand Prix Tashkent"]
[Site "Tashkent UZB"]
[Date "2014.10.28"]
[EventDate "2014.10.20"]
[Round "7"]
[Result "1-0"]
[White "Sergey Karjakin"]
[Black "Anish Giri"]
[WhiteElo "2767"]
[BlackElo "2768"]
[PlyCount "83"]

1. Nf3 c5 2. e4 e6 3. d4 cxd4 4. Nxd4 Nc6 5. Nc3 Qc7 6. Be3 a6
7. Qf3 Ne5 8. Qg3 h5 9. f3 b5 10. O-O-O d6 11. f4 Ng4 12. e5
dxe5 13. fxe5 Nxe3 14. Qxe3 Bd7 15. Be2 g6 16. Qf3 Rc8
17. Rhf1 Rh7 18. Kb1 Bb4 19. Ne4 Qxe5 20. h4 f5 21. Ng5 Re7
22. Qb7 Bc5 23. Ngf3 Qc7 24. Qxa6 Bxd4 25. Nxd4 Kf8 26. c3 Nf6
27. Bxb5 Bxb5 28. Qxb5 e5 29. Qa6 Kg7 30. Ne6+ Rxe6 31. Qxe6
Re8 32. Qd6 Qb7 33. Rfe1 Re7 34. g3 Ne4 35. Qb4 Qxb4 36. cxb4
Nxg3 37. b5 f4 38. b6 f3 39. Rg1 Ne2 40. Rgf1 e4 41. a4 Ng3
42. Rf2 1-0

[Event "FIDE Grand Prix Tashkent"]
[Site "Tashkent UZB"]
[Date "2014.11.02"]
[EventDate "2014.10.20"]
[Round "11"]
[Result "1-0"]
[White "Sergey Karjakin"]
[Black "Rustam Kasimdzhanov"]
[WhiteElo "2767"]
[BlackElo "2706"]
[PlyCount "81"]

1. c4 Nf6 2. Nc3 e5 3. g3 d5 4. cxd5 Nxd5 5. Bg2 Nb6 6. d3 Be7
7. Be3 O-O 8. Rc1 Re8 9. a3 Bf8 10. Nf3 N8d7 11. O-O c6
12. Qb3 Nc5 13. Qc2 Bg4 14. b4 Ncd7 15. h3 Bf5 16. Nd2 h6
17. Rb1 Rc8 18. Rfc1 Nf6 19. Bc5 Nfd7 20. Nce4 Qc7 21. a4 a6
22. Bxf8 Rxf8 23. Nc5 Nf6 24. Qb2 Qe7 25. a5 Na8 26. e4 Bh7
27. Nc4 Rfe8 28. f4 exf4 29. gxf4 Rb8 30. Qe5 Qf8 31. Qd6 Re7
32. f5 Nc7 33. Qf4 Nfe8 34. Kh2 Kh8 35. Bf3 Bg8 36. Ne5 Nf6
37. Rg1 Nb5 38. Ne6 g5 39. Nxf8 gxf4 40. Nfg6+ fxg6 41. Nxg6+
1-0

[Event "Tal Memorial Blitz"]
[Site "Sochi RUS"]
[Date "2014.11.13"]
[EventDate "2014.11.13"]
[Round "8.6"]
[Result "0-1"]
[White "Ernesto Inarkiev"]
[Black "Sergey Karjakin"]
[WhiteElo "2688"]
[BlackElo "2770"]
[PlyCount "76"]

1. e4 c5 2. Nf3 d6 3. d4 cxd4 4. Nxd4 Nf6 5. Nc3 a6 6. Be3 e5
7. Nb3 Be6 8. f3 h5 9. Qd2 Nbd7 10. O-O-O Qc7 11. Kb1 Rc8
12. h3 Be7 13. Bd3 h4 14. f4 b5 15. Rhe1 g6 16. Bf2 Bc4
17. Bxc4 bxc4 18. Nc1 Rb8 19. Ka1 Qb7 20. b3 Rc8 21. N1e2 Nxe4
22. Nxe4 Qxe4 23. Nc3 Qxf4 24. Qxf4 exf4 25. Rxd6 cxb3 26. Bd4
bxc2 27. Bxh8 c1=Q+ 28. Rxc1 Bxd6 29. Re1+ Kf8 30. Kb2 f6
31. Rd1 Ke7 32. Nd5+ Ke6 33. Bg7 Be5+ 34. Ka3 g5 35. Nb4 Rg8
36. Bh6 Rg6 37. Rxd7 Kxd7 38. Bf8 g4 0-1

[Event "Tal Memorial Blitz"]
[Site "Sochi RUS"]
[Date "2014.11.13"]
[EventDate "2014.11.13"]
[Round "11.4"]
[Result "1-0"]
[White "Sergey Karjakin"]
[Black "Alexander Morozevich"]
[WhiteElo "2770"]
[BlackElo "2724"]
[PlyCount "81"]

1. Nf3 d5 2. g3 Bg4 3. Bg2 Nd7 4. O-O c6 5. h3 Bh5 6. d3 e5
7. Qe1 Bd6 8. e4 dxe4 9. dxe4 Ne7 10. Nbd2 b5 11. Nh4 f6
12. f4 O-O 13. f5 Bf7 14. g4 c5 15. Nhf3 Nc6 16. Kh1 c4
17. Qg3 Nc5 18. g5 Kh8 19. g6 Bg8 20. gxh7 Bxh7 21. Nh4 Nd4
22. Ng6+ Kg8 23. Nxf8 Bxf8 24. c3 Ne2 25. Qe1 Nf4 26. a4 a6
27. Nf3 Nxg2 28. Kxg2 Nxa4 29. Qe2 Nc5 30. Rd1 Qc7 31. Nh4 Rd8
32. Rxd8 Qxd8 33. Be3 Nxe4 34. Rd1 Nd6 35. Qf3 Qc7 36. Qd5+
Nf7 37. Ng6 Qc8 38. Qd7 Qa8+ 39. Rd5 Bd6 40. Qe6 Bf8 41. Kf2
1-0

[Event "Tal Memorial Blitz"]
[Site "Sochi RUS"]
[Date "2014.11.14"]
[EventDate "2014.11.13"]
[Round "13"]
[Result "1-0"]
[White "Sergey Karjakin"]
[Black "Vladimir Kramnik"]
[WhiteElo "2770"]
[BlackElo "2760"]
[PlyCount "71"]

1. Nf3 d5 2. g3 Nf6 3. Bg2 c6 4. O-O Bg4 5. h3 Bxf3 6. Bxf3 e5
7. d3 Nbd7 8. e4 dxe4 9. dxe4 Nc5 10. Nd2 Be7 11. Qe2 O-O
12. Rd1 Qc8 13. h4 Rd8 14. Re1 Ne6 15. Nb3 a5 16. a4 b5 17. c3
Qb7 18. Qc2 bxa4 19. Rxa4 Qb5 20. Ra2 a4 21. Nd2 Nc5 22. Be2
Qb7 23. Bc4 Ne8 24. Nf3 Nd6 25. Nxe5 Bf6 26. Nd3 Ncxe4
27. Rxa4 Qd7 28. Rxa8 Rxa8 29. Bb3 Re8 30. Bf4 h6 31. Ba4 g5
32. hxg5 hxg5 33. Be3 Nf5 34. Nb4 Nexg3 35. Bxc6 Nxe3 36. Bxd7
1-0

[Event "Tal Memorial Blitz"]
[Site "Sochi RUS"]
[Date "2014.11.14"]
[EventDate "2014.11.13"]
[Round "14"]
[Result "0-1"]
[White "Peter Svidler"]
[Black "Sergey Karjakin"]
[WhiteElo "2743"]
[BlackElo "2770"]
[PlyCount "84"]

1. g3 c5 2. Bg2 Nc6 3. e4 g6 4. Ne2 Bg7 5. c3 e5 6. d3 Nge7
7. Be3 d6 8. a3 a5 9. Nd2 O-O 10. O-O a4 11. f4 exf4 12. Nxf4
Kh8 13. Nf3 h6 14. d4 cxd4 15. cxd4 b5 16. Qd2 Na5 17. Rad1
Nc4 18. Qf2 Bb7 19. e5 Nxe3 20. Qxe3 Qb6 21. e6 f5 22. Nh4 Kh7
23. Bxb7 Qxb7 24. Nf3 Rac8 25. h4 Qe4 26. Rfe1 Qxe3+ 27. Rxe3
Bf6 28. Rc3 g5 29. hxg5 hxg5 30. Ne2 Nd5 31. Rxc8 Rxc8 32. Rd3
Kg6 33. Nc3 Nxc3 34. Rxc3 Rxc3 35. bxc3 d5 36. Ne1 Be7 37. Nc2
Kf6 38. Kf2 Kxe6 39. Kf3 g4+ 40. Kf2 Bd6 41. Kg2 Kf6 42. Kf2
Kg5 0-1

[Event "Tal Memorial Blitz"]
[Site "Sochi RUS"]
[Date "2014.11.14"]
[EventDate "2014.11.13"]
[Round "15"]
[Result "1-0"]
[White "Sergey Karjakin"]
[Black "Evgeny Tomashevsky"]
[WhiteElo "2770"]
[BlackElo "2714"]
[PlyCount "67"]

1. Nf3 d5 2. g3 c6 3. Bg2 Bf5 4. d3 e6 5. Nbd2 Nf6 6. Nh4 Bg4
7. h3 Bh5 8. g4 Nfd7 9. Ndf3 Bg6 10. e3 Bd6 11. Qe2 Ne5
12. Nxg6 Nxf3+ 13. Qxf3 hxg6 14. Bd2 Nd7 15. O-O-O g5 16. d4
Qb6 17. e4 Qxd4 18. Bxg5 Qa4 19. Kb1 O-O 20. Qb3 Qa6 21. Bc1
Nc5 22. Qe3 Na4 23. f4 Bc5 24. Qb3 b5 25. f5 Rab8 26. f6 b4
27. fxg7 Rfc8 28. Ka1 Qa5 29. Qg3 Be7 30. g5 Kxg7 31. Qe5+ Kg8
32. g6 Nc3 33. bxc3 bxc3 34. Qh5 1-0

[Event "Tal Memorial Blitz"]
[Site "Sochi RUS"]
[Date "2014.11.14"]
[EventDate "2014.11.13"]
[Round "19"]
[Result "0-1"]
[White "Peter Leko"]
[Black "Sergey Karjakin"]
[WhiteElo "2731"]
[BlackElo "2770"]
[PlyCount "108"]

1. e4 c5 2. Nf3 d6 3. d4 cxd4 4. Nxd4 Nf6 5. Nc3 a6 6. Be3 e5
7. Nb3 Be6 8. Qd2 Nbd7 9. f3 h5 10. Be2 Rc8 11. a4 Be7 12. O-O
O-O 13. a5 Qc7 14. Rfd1 Rfd8 15. Qe1 Nc5 16. Nxc5 dxc5 17. Na4
Rxd1 18. Rxd1 c4 19. Nb6 Bc5 20. Bxc5 Qxc5+ 21. Qf2 Qxf2+
22. Kxf2 Rc5 23. Rd8+ Kh7 24. Ke3 h4 25. g3 h3 26. Rd1 g6
27. Ra1 Ne8 28. Kd2 Nd6 29. Kc3 Kg7 30. Rd1 Rc6 31. Kb4 f5
32. exf5 Nxf5 33. Re1 Nd4 34. Kc3 Kf6 35. Bd1 g5 36. Kb4 Rd6
37. Kc5 Rd8 38. Kb4 Nc6+ 39. Kc3 Nxa5 40. Be2 Rd6 41. Na4 b5
42. Nc5 Rb6 43. Nxe6 Rxe6 44. Bf1 Rd6 45. Bxh3 Nc6 46. Bg4 Rd4
47. b4 a5 48. bxa5 b4+ 49. Kb2 Nxa5 50. h4 c3+ 51. Kb1 gxh4
52. gxh4 b3 53. cxb3 Rd2 54. f4 Rb2+ 0-1

[Event "Tal Memorial Blitz"]
[Site "Sochi RUS"]
[Date "2014.11.14"]
[EventDate "2014.11.13"]
[Round "20"]
[Result "1-0"]
[White "Sergey Karjakin"]
[Black "Ernesto Inarkiev"]
[WhiteElo "2770"]
[BlackElo "2688"]
[PlyCount "79"]

1. Nf3 d5 2. g3 g6 3. Bg2 Bg7 4. d4 Nf6 5. O-O O-O 6. c4 dxc4
7. Na3 c3 8. bxc3 c5 9. e3 Nc6 10. Qe2 Qa5 11. Bb2 Bf5 12. Nd2
cxd4 13. cxd4 Rac8 14. Nb3 Qb6 15. Rfc1 Rfd8 16. Nc4 Qb5
17. Nc5 Nb4 18. a4 Qe8 19. Nxb7 Nd3 20. Nxd8 Nxc1 21. Rxc1
Qxd8 22. Ne5 Be4 23. Nc6 Bxc6 24. Rxc6 Rxc6 25. Bxc6 Nd5
26. Qb5 e6 27. Kg2 Bf8 28. a5 a6 29. Qa4 Bb4 30. e4 Ne7
31. Qxb4 Nxc6 32. Qc3 Nxa5 33. d5 f6 34. dxe6 Kg7 35. Ba3 Nb7
36. Qc6 Na5 37. Qd7+ Qxd7 38. exd7 Nc6 39. Be7 a5 40. d8=Q 1-0

[Event "Tal Memorial Blitz"]
[Site "Sochi RUS"]
[Date "2014.11.14"]
[EventDate "2014.11.13"]
[Round "21"]
[Result "0-1"]
[White "Ian Nepomniachtchi"]
[Black "Sergey Karjakin"]
[WhiteElo "2714"]
[BlackElo "2770"]
[PlyCount "150"]

1. d4 d5 2. Nf3 Nf6 3. c4 dxc4 4. e3 e6 5. Bxc4 a6 6. Nc3 b5
7. Be2 Bb7 8. O-O Nbd7 9. b3 c5 10. Bb2 Be7 11. Qc2 Rc8
12. dxc5 Nxc5 13. Rad1 Qb6 14. Qb1 b4 15. Na4 Nxa4 16. bxa4
O-O 17. Bd4 Qa5 18. a3 Qxa4 19. axb4 Qxb4 20. Qa1 Qa3 21. Qxa3
Bxa3 22. Ra1 Be7 23. Bxa6 Bxa6 24. Rxa6 Ra8 25. Rfa1 Rxa6
26. Rxa6 Rc8 27. g3 Kf8 28. Ne5 Ke8 29. Kg2 Nd5 30. Ra7 f6
31. Nd3 e5 32. e4 exd4 33. exd5 Rc3 34. Ra8+ Kd7 35. Ra7+ Kd6
36. Nf4 d3 37. Kf3 g5 38. Ng2 Rc1 39. Ne3 g4+ 40. Kxg4 d2
41. Ra6+ Kd7 42. Ra7+ Ke8 43. Ra8+ Kf7 44. Ra7 d1=Q+ 45. Nxd1
Rxd1 46. Ra5 Kg6 47. h4 h5+ 48. Kf3 Bd6 49. Ke3 Bc7 50. Rb5
Be5 51. Ke2 Rd4 52. Ke3 Ra4 53. Kd3 Kf5 54. d6 Ke6 55. f4 Bxd6
56. Rxh5 Ra3+ 57. Ke4 f5+ 58. Kd4 Be7 59. Rh7 Rxg3 60. h5 Bf6+
61. Kc4 Rg4 62. Kd3 Rxf4 63. Ke3 Rh4 64. Kf3 Ke5 65. Kg3 Rg4+
66. Kf3 Rh4 67. Kg3 Ra4 68. Rb7 Ra3+ 69. Kg2 Kf4 70. h6 Rg3+
71. Kf1 Rh3 72. h7 Kg5 73. Kg2 Rh6 74. Kf3 Kg6 75. Kf4 Rh4+
0-1

[Event "China-Russia Challenge Match"]
[Site "Heixiazi CHN"]
[Date "2015.07.31"]
[EventDate "2015.07.29"]
[Round "3.1"]
[Result "1-0"]
[White "Sergey Karjakin"]
[Black "Ni Hua"]
[WhiteElo "2753"]
[BlackElo "2703"]
[PlyCount "71"]

1. e4 e5 2. Nf3 Nf6 3. Nxe5 d6 4. Nf3 Nxe4 5. d4 d5 6. Bd3 Nc6
7. O-O Be7 8. Nc3 Bf5 9. Re1 Nxc3 10. bxc3 Bxd3 11. Qxd3 O-O
12. Re2 a6 13. Bf4 Qd7 14. Rae1 Rae8 15. c4 dxc4 16. Qxc4 Bd6
17. Rxe8 Rxe8 18. Rxe8+ Qxe8 19. Bxd6 cxd6 20. d5 Ne7 21. Qc7
Nxd5 22. Qxb7 Nc3 23. Qxa6 Qb8 24. g3 h6 25. a4 Qb1+ 26. Kg2
Qxc2 27. Qc8+ Kh7 28. a5 Qb2 29. Qc6 d5 30. Qb6 Qa2 31. a6 Ne4
32. a7 g5 33. Ne5 Kg7 34. Nd3 d4 35. Qxd4+ Nf6 36. Nc5 1-0

[Event "China-Russia Challenge Match"]
[Site "Heixiazi CHN"]
[Date "2015.08.01"]
[EventDate "2015.07.29"]
[Round "4.2"]
[Result "0-1"]
[White "Yu Yangyi"]
[Black "Sergey Karjakin"]
[WhiteElo "2736"]
[BlackElo "2753"]
[PlyCount "97"]

1. e4 e5 2. Nf3 Nc6 3. Bb5 Nf6 4. d3 Bc5 5. Bxc6 dxc6 6. Nbd2
O-O 7. Nc4 Nd7 8. O-O Re8 9. Kh1 a5 10. a4 b6 11. Be3 f6
12. Nh4 Bf8 13. Nf5 Nc5 14. Ng3 Ne6 15. Ne2 c5 16. f4 exf4
17. Nxf4 c6 18. Nxe6 Bxe6 19. b3 b5 20. Nd2 Bd6 21. Bf4 Bxf4
22. Rxf4 Qd4 23. Rf1 Qc3 24. Qc1 Bf7 25. Ra3 Bh5 26. b4 Qd4
27. Nb3 Qd8 28. bxc5 b4 29. Ra1 Bf7 30. Qe3 Qe7 31. Rac1 Qe5
32. Qd4 Bxb3 33. Qxe5 Rxe5 34. cxb3 Rd8 35. Rf3 f5 36. exf5
Red5 37. g4 Rxd3 38. Rcf1 R8d5 39. Kg2 Rxf3 40. Rxf3 Rxc5
41. Re3 Kf7 42. Kf3 Rc2 43. h4 c5 44. Ke4 c4 45. bxc4 Rxc4+
46. Kf3 h5 47. gxh5 Rxh4 48. Re5 b3 49. Re1 0-1

[Event "China-Russia Challenge Match"]
[Site "Heixiazi CHN"]
[Date "2015.08.01"]
[EventDate "2015.07.29"]
[Round "4.3"]
[Result "1-0"]
[White "Sergey Karjakin"]
[Black "Yu Yangyi"]
[WhiteElo "2753"]
[BlackElo "2736"]
[PlyCount "87"]

1. e4 c5 2. Nf3 e6 3. d4 cxd4 4. Nxd4 a6 5. c4 Nf6 6. Nc3 d6
7. Be2 Be7 8. O-O O-O 9. Be3 b6 10. f3 Bb7 11. Qd2 Qc7
12. Rac1 Nbd7 13. Rfd1 Rfc8 14. b4 Rab8 15. a3 Ne5 16. Na4 h6
17. Bf1 Qd8 18. Kh1 Nfd7 19. Qf2 Bh4 20. Qd2 Be7 21. Qf2 Ba8
22. Be2 Rc7 23. Nb3 Rcc8 24. Nd4 Bh4 25. Qg1 Be7 26. Qf2 h5
27. h3 Bh4 28. Qg1 Ng6 29. Bf1 Bg5 30. Nb3 Nde5 31. Qf2 Bc6
32. Nb2 Qf6 33. Bxg5 Qxg5 34. Rxd6 h4 35. Qd2 Nf4 36. Nd4 Qf6
37. Nxc6 Nxc6 38. Nd3 Nxd3 39. Bxd3 Rd8 40. Rxc6 Qd4 41. Rd1
Rd7 42. c5 bxc5 43. Rxc5 Rbd8 44. Rc3 1-0